| 000 | 00540nam a2200193Ii 4500 | ||
|---|---|---|---|
| 003 | JO-AjNU | ||
| 008 | 230605s9999||||xx |||||||||||||| ||und|| | ||
| 040 |
_aJO-AjNU _bara _erda _cJO-AjNU |
||
| 041 | _aara | ||
| 050 | 1 | 4 | _aQA184.H45 1988 |
| 100 | 3 |
_aحمصي ،الهام, _eauthor _914774 |
|
| 245 | 0 | 0 | _aالجبر جبر خطي2 |
| 264 | 3 | 1 | _aجامعة دمشق ، 1988 |
| 300 | _a398ص | ||
| 336 |
_atext _btxt _2rdacontent |
||
| 337 |
_aunmediated _bn _2rdamedia |
||
| 338 |
_avolume _bnc _2rdacarrier |
||
| 650 | 4 |
_aالجبر _914775 |
|
| 999 |
_aA4019 _c7587 _d7587 |
||